[Event "Titled Tuesday intern op 29th Aug Early"]
[Site "Chess.com INT"]
[Date "2023.08.29"]
[Round "1"]
[White "Kiseleva, Arina"]
[Black "Kvaloy, Aksel Bu"]
[Result "0-1"]
[WhiteElo "1962"]
[BlackElo "2457"]
[PlyCount "68"]
[EventDate "2023.08.29"]
[EventType "swiss (blitz)"]
[EventRounds "11"]
[EventCountry "USA"]
[SourceTitle "EXT 2024"]
[Source "ChessBase"]
[SourceDate "2023.10.10"]
[SourceVersion "1"]
[SourceVersionDate "2023.10.10"]
[SourceQuality "1"]

1. d4 Nf6 2. Nf3 e6 3. e3 d5 4. Bd3 c5 5. Nbd2 c4 6. Be2 Bd6 7. 0-0 0-0 8. a4 Nc6 9. c3 e5 10. dxe5 Nxe5 11. Nxe5 Bxe5 12. Nf3 Bc7 13. b3 cxb3 14. Qxb3 Bg4 15. Ba3 Re8 16. h3 Bh5 17. Qxb7 Ne4 18. Bb5 Bxf3 19. Bxe8 Qg5 20. Bxf7+ Kh8 21. Qxa8+ Bd8 22. g4 Bxg4 23. f4 Qh4 24. hxg4 Qxg4+ 25. Kh2 Qg3+ 26. Kh1 Qh3+ 27. Kg1 Qxe3+ 28. Kg2 Qg3+ 29. Kh1 Qh4+ 30. Kg1 h6 31. Qxd5 Bb6+ 32. Bc5 Bxc5+ 33. Kg2 Qg3+ 34. Kh1 Qh3# 0-1

[Event "Titled Tuesday intern op 29th Aug Early"]
[Site "Chess.com INT"]
[Date "2023.08.29"]
[Round "7"]
[White "Kiseleva, Arina"]
[Black "Zeman, Matyas"]
[Result "1-0"]
[WhiteElo "1962"]
[BlackElo "2308"]
[PlyCount "47"]
[EventDate "2023.08.29"]
[EventType "swiss (blitz)"]
[EventRounds "11"]
[EventCountry "USA"]
[SourceTitle "EXT 2024"]
[Source "ChessBase"]
[SourceDate "2023.10.10"]
[SourceVersion "1"]
[SourceVersionDate "2023.10.10"]
[SourceQuality "1"]

1. d4 d5 2. Nf3 e6 3. e3 Nf6 4. Bd3 c6 5. Nbd2 Nbd7 6. 0-0 Be7 7. b3 0-0 8. Bb2 b6 9. Ne5 Bb7 10. Qf3 Bd6 11. Qh3 c5 12. Nxd7 Qxd7 13. dxc5 e5 14. cxd6 Qxh3 15. gxh3 Nd7 16. c4 e4 17. Bc2 Rfe8 18. cxd5 Bxd5 19. b4 Rac8 20. Bb3 Bxb3 21. Nxb3 Rc2 22. Bd4 Ne5 23. Bxe5 Rxe5 24. d7 1-0

[Event "Titled Tuesday intern op 22nd Aug Early"]
[Site "Chess.com INT"]
[Date "2023.08.22"]
[Round "3"]
[White "Kiseleva, Arina"]
[Black "Bold, Andre"]
[Result "0-1"]
[WhiteElo "1962"]
[BlackElo "2194"]
[PlyCount "92"]
[EventDate "2023.08.22"]
[EventType "swiss (blitz)"]
[EventRounds "11"]
[EventCountry "USA"]
[SourceTitle "EXT 2024"]
[Source "ChessBase"]
[SourceDate "2023.10.10"]
[SourceVersion "1"]
[SourceVersionDate "2023.10.10"]
[SourceQuality "1"]

1. d4 Nf6 2. Nf3 c6 3. c4 d5 4. Nbd2 Bf5 5. Nh4 Bd7 6. e3 g6 7. Bd3 Bg7 8. 0-0 0-0 9. b3 Na6 10. Bb2 c5 11. Nhf3 cxd4 12. exd4 Nb4 13. Bb1 dxc4 14. bxc4 Rc8 15. Re1 e6 16. Ne5 Nc6 17. Nxd7 Qxd7 18. Nf3 Rfd8 19. a3 Nh5 20. Ba2 Nxd4 21. Ne5 Qd6 22. c5 Rxc5 23. Nc4 Qc7 24. Ne3 Nf4 25. Qg4 Nd3 26. Bxd4 Rxd4 27. Qf3 Nxe1 28. Rxe1 Rc1 29. Qe2 Rxe1+ 30. Qxe1 Rd3 31. g3 Qc3 32. Qb1 Qb2 33. Qxd3 Qxa2 34. Qd8+ Bf8 35. Qb8 Qxa3 36. Qxb7 a5 37. Qa8 Qb4 38. h3 a4 39. Ng4 Kg7 40. Qd8 Be7 41. Qd7 h5 42. Ne3 a3 43. Qa7 Bf6 44. h4 Bd4 45. Nc2 Qb1+ 46. Kg2 Bxa7 0-1

[Event "Titled Tuesday intern op 22nd Aug Early"]
[Site "Chess.com INT"]
[Date "2023.08.22"]
[Round "4"]
[White "Kiseleva, Arina"]
[Black "Smieszek, Wojciech"]
[Result "0-1"]
[WhiteElo "1962"]
[BlackElo "2118"]
[PlyCount "56"]
[EventDate "2023.08.22"]
[EventType "swiss (blitz)"]
[EventRounds "11"]
[EventCountry "USA"]
[SourceTitle "EXT 2024"]
[Source "ChessBase"]
[SourceDate "2023.10.10"]
[SourceVersion "1"]
[SourceVersionDate "2023.10.10"]
[SourceQuality "1"]

1. d4 Nf6 2. Nf3 c5 3. e3 g6 4. Bd3 Bg7 5. 0-0 0-0 6. a3 d6 7. b4 cxd4 8. exd4 b6 9. Bb2 Bb7 10. c4 d5 11. c5 Nc6 12. b5 Na5 13. c6 Bc8 14. Nbd2 Ne8 15. a4 Nd6 16. Ne5 Bf5 17. Bxf5 Nxf5 18. Rc1 Qc7 19. Nb3 Nxb3 20. Qxb3 Nxd4 21. Bxd4 Bxe5 22. Qxd5 Bxh2+ 23. Kh1 Rad8 24. Qe4 Qf4 25. Qxf4 Bxf4 26. Rfd1 Bxc1 27. Rxc1 Rxd4 28. c7 Rc8 0-1